Bonampak (Record no. 10068)

MARC details
000 -CABECERA
campo de control de longitud fija 00940nam a2200289 a 4500
001 - NÚMERO DE CONTROL
campo de control BRL_1256
005 - FECHA Y HORA DE LA ÚLTIMA TRANSACCIÓN
campo de control 20190320211120.0
008 - DATOS DE LONGITUD FIJA--INFORMACIÓN GENERAL
campo de control de longitud fija 061213s1961----mx-aoe####---#000-0#spa-#
041 ## - CÓDIGO DE LENGUA
Código de lengua del texto/banda sonora o título independiente spa
044 ## - CÓDIGO DEL PAÍS DE LA ENTIDAD EDITORA/PRODUCTORA
Código MARC del país mx
050 #4 - SIGNATURA TOPOGRÁFICA DE LA BIBLIOTECA DEL CONGRESO
Número de clasificación F1435.1.B6
Número de documento/Ítem .P5 1961
100 1# - ENTRADA PRINCIPAL--NOMBRE DE PERSONA
Nombre de persona Piña Chan, Román
9 (RLIN) 819
245 10 - MENCIÓN DE TÍTULO
Título Bonampak
Mención de responsabilidad, etc. Román Piña Chan ; fotografías Raúl Pavón Abreu, José Luis Lorenzo y Román Piña Chan.
300 ## - DESCRIPCIÓN FÍSICA
Extensión 77 p.
Otras características físicas il. a color, planos
Dimensiones 24 cm.
500 ## - NOTA GENERAL
Nota general ej.1 Au1447 ; ej.2 Au1718
500 ## - NOTA GENERAL
Nota general La biblioteca cuenta con 2 ejemplares
500 ## - NOTA GENERAL
Nota general Incluye índice de ilustraciones
504 ## - NOTA DE BIBLIOGRAFÍA, ETC.
Nota de bibliografía, etc. Bibliografía: 67
650 14 - PUNTO DE ACCESO ADICIONAL DE MATERIA--TÉRMINO DE MATERIA
Término de materia o nombre geográfico como elemento de entrada Arte maya
9 (RLIN) 621
650 14 - PUNTO DE ACCESO ADICIONAL DE MATERIA--TÉRMINO DE MATERIA
Término de materia o nombre geográfico como elemento de entrada Lacandones
9 (RLIN) 23920
650 14 - PUNTO DE ACCESO ADICIONAL DE MATERIA--TÉRMINO DE MATERIA
Término de materia o nombre geográfico como elemento de entrada Pintura mural y decoración
Subdivisión geográfica Bonampak (Chiapas)
9 (RLIN) 26288
651 #4 - PUNTO DE ACCESO ADICIONAL DE MATERIA--NOMBRE GEOGRÁFICO
Nombre geográfico Bonampak (Chiapas)
9 (RLIN) 26289
700 1# - PUNTO DE ACCESO ADICIONAL--NOMBRE DE PERSONA
Nombre de persona Pavón Abreu, Raúl
Término indicativo de función/relación il.
9 (RLIN) 26290
700 1# - PUNTO DE ACCESO ADICIONAL--NOMBRE DE PERSONA
Nombre de persona Lorenzo, José Luis
Término indicativo de función/relación il.
9 (RLIN) 26291
902 ## - CATALOGADOR
Iniciales GRL
942 ## - ELEMENTOS DE PUNTO DE ACCESO ADICIONAL (KOHA)
Fuente del sistema de clasificación o colocación Library of Congress Classification
Tipo de ítem Koha Libros
Holdings
Estado de retiro Estado de pérdida Estado dañado No para préstamo Localización permanente Ubicación/localización actual Fecha de adquisición Total de préstamos Signatura topográfica completa Código de barras Fecha visto por última vez Precio válido a partir de Tipo de ítem Koha
El ejemplar forma parte de la colección y puede ser consultado según las políticas vigentes.       Biblioteca Centro de Estudios Ruth D. Lechuga Biblioteca Centro de Estudios Ruth D. Lechuga 06/12/2013   F1435.1.B6 .P5 1961 GRL01374 22/03/2019 22/03/2019 Libros
El ejemplar forma parte de la colección y puede ser consultado según las políticas vigentes.       Biblioteca Centro de Estudios Ruth D. Lechuga Biblioteca Centro de Estudios Ruth D. Lechuga 10/11/2015   F1435.1.B6 .P5 1961 GRL01375 22/03/2019 22/03/2019 Libros